000
00440nam a2200181Ia 4500
008
100917s9999 xx 000 0 und d
082
_b
54961
100
_a
माळवदे रमण
245
_a
दालन
260
_b
प्रिया प्रकाशन
_c
1982
300
_a
140
365
_b
25
520
_a
कथा
630
_a
दालन
650
_a
कथा
730
_a
दालन
942
_c
BOOK
999
_c
660355
_d
660352